Tratado de la pintura
Uloženo v:
| Hlavní autor: | |
|---|---|
| Médium: | Kniha |
| Jazyk: | španělština |
| Vydáno: |
Buenos Aires
Goncourt
1975
|
| Témata: | |
| Tagy: |
Přidat tag
Žádné tagy, Buďte první, kdo vytvoří štítek k tomuto záznamu!
|
MARC
| LEADER | 00000nam a2200000 a 4500 | ||
|---|---|---|---|
| 001 | UCU9222 | ||
| 003 | CL-VaPUC | ||
| 005 | 20230422074043.0 | ||
| 008 | 960809e19750000AG |||||||||||||||||spa|d | ||
| 999 | |c 251086 |d 251084 | ||
| 040 | |c Pontificia Universidad Católica de Valparaíso | ||
| 082 | 0 | 4 | |a 750.1 |b LEO |2 21 |
| 100 | |a Da Vinci, Leonardo |e author |9 860455 | ||
| 245 | 1 | 0 | |a Tratado de la pintura |
| 260 | |a Buenos Aires |b Goncourt |c 1975 | ||
| 300 | |a 230 p | ||
| 583 | |a last modification |c 20121001 12:34:07 |k Rodrigo Vera | ||
| 650 | 0 | |a Pintura italiana |9 265293 | |
| 650 | 0 | |a Pintores italianos |9 265277 | |
| 650 | 0 | |a Filosofía del arte |9 264951 | |
| 942 | |c BK |2 ddc | ||
| 945 | |d 19960809 00:00:00 |a rleighto | ||
| 952 | |0 0 |1 0 |4 0 |6 750_100000000000000_LEO_1975 |7 0 |8 A |9 270020 |a BIBARQ |b BIBARQ |d 2019-11-19 |i 3217027 |o 750.1 LEO 1975 |p 3217027 |r 2025-01-20 |w 2019-11-19 |y BK |k ARQ | ||